Normal view
MARC view
- Lacan, Jacques,
Entry Personal Name
001 - CONTROL NUMBER
- control field: 37216
003 - CONTROL NUMBER IDENTIFIER
- control field: OSt
005 - DATE AND TIME OF LATEST TRANSACTION
- control field: 20150118120951.0
008 - FIXED-LENGTH DATA ELEMENTS
- fixed length control field: 150118|| aca||aabn | a|a d
040 ## - CATALOGING SOURCE
- Original cataloging agency: OSt
100 1# - HEADING--PERSONAL NAME
- Personal name: Lacan, Jacques,
- Dates associated with a name: 1901-1981
400 1# - SEE FROM TRACING--PERSONAL NAME
- Personal name: Lakan, Zak,
- Dates associated with a name: 1901-1981
400 1# - SEE FROM TRACING--PERSONAL NAME
- Personal name: Lacan, J. |q |d 1901-1981
- Fuller form of name: (Jacques),
- Dates associated with a name: 1901-1981
400 1# - SEE FROM TRACING--PERSONAL NAME
- Personal name: Rakan, Jakku,
- Dates associated with a name: 1901-1981